000 00691nam a2200289Ia 4500
005 20260324115322.0
008 008 260324s9999 xx 000 0 eng d
020 _a9781315178141
037 _aEBOOK
040 _aCRL
040 _beng
040 _cCRL
041 _2eng
041 _aeng
084 _qCRL
100 _aHernan Murdock
_91148445
245 0 _aAuditor Essentials
245 0 _b100 Concepts, Tips, Tools, and Techniques for Success
260 _bTaylor and Francis
260 _c2018
365 _a
365 _b405
856 _uhttp://www.taylorfrancis.com/books/9781315178141
942 _cEBOOK
999 _c1745001
_d1745001